ბათუმის შოთა რუსთაველის სახელმწიფო უნივერსიტეტის ბიბლიოთეკა

Finance : (ბიბ.ჩანაწერი № 58742)

000 -LEADER
fixed length control field 01820cam a22003738i 4500
001 - CONTROL NUMBER
control field 22243829
005 - DATE AND TIME OF LATEST TRANSACTION
control field 20221105175833.0
008 - FIXED-LENGTH DATA ELEMENTS--GENERAL INFORMATION
fixed length control field 210917s2023 nyu 001 0 eng
020 ## - INTERNATIONAL STANDARD BOOK NUMBER
International Standard Book Number 9781260566673X
040 ## - CATALOGING SOURCE
Original cataloging agency DLC
Language of cataloging eng
Description conventions rda
Transcribing agency DLC
042 ## - AUTHENTICATION CODE
Authentication code pcc
050 00 - LIBRARY OF CONGRESS CALL NUMBER
Classification number HG173
Item number .C679 2023
080 ## - UNIVERSAL DECIMAL CLASSIFICATION NUMBER
Universal Decimal Classification number 336 C-80
100 1# - MAIN ENTRY--PERSONAL NAME
Personal name Cornett, Marcia Millon,
Relator term author.
9 (RLIN) 14376
245 10 - TITLE STATEMENT
Title Finance :
Remainder of title applications & theory /
Statement of responsibility, etc. Marcia Millon Cornett, Bentley University, Troy A. Adair, Jr., Lehigh University, John Nofsinger, University of Alaska Anchorage.
250 ## - EDITION STATEMENT
Edition statement fifth edition
263 ## - PROJECTED PUBLICATION DATE
Projected publication date 2201
264 #1 - PRODUCTION, PUBLICATION, DISTRIBUTION, MANUFACTURE, AND COPYRIGHT NOTICE
Place of production, publication, distribution, manufacture New York, NY :
Name of producer, publisher, distributor, manufacturer McGraw Hill,
Date of production, publication, distribution, manufacture, or copyright notice 2020.
300 ## - PHYSICAL DESCRIPTION
Extent 712 p.:
Other physical details 27 cm.
336 ## - CONTENT TYPE
Content type term text
Content type code txt
Source rdacontent
337 ## - MEDIA TYPE
Media type term unmediated
Media type code n
Source rdamedia
338 ## - CARRIER TYPE
Carrier type term volume
Carrier type code nc
Source rdacarrier
490 0# - SERIES STATEMENT
Series statement The McGraw-Hill education series in finance, insurance, and real estate
500 ## - GENERAL NOTE
General note Includes index.
520 ## - SUMMARY, ETC.
Summary, etc. "We did not set out to write this book to change the way finance is taught, but rather to parallel and support the way that instructors from across the country currently teach finance. Well over 600 instructors teaching this course have shared their class experiences and ideas via a variety of research methods that we used to develop the framework for this text. We are excited to have authored a book that we think you will find fits your classroom style perfectly"--
Assigning source Provided by publisher.
650 #0 - SUBJECT ADDED ENTRY--TOPICAL TERM
Topical term or geographic name entry element Finance.
9 (RLIN) 14377
650 #0 - SUBJECT ADDED ENTRY--TOPICAL TERM
Topical term or geographic name entry element ფინანსები
9 (RLIN) 14378
650 #0 - SUBJECT ADDED ENTRY--TOPICAL TERM
Topical term or geographic name entry element ეკონომიკა
9 (RLIN) 14379
700 1# - ADDED ENTRY--PERSONAL NAME
Personal name Adair, Troy A.
Fuller form of name (Troy Alton),
Dates associated with a name 1964-
Relator term author.
9 (RLIN) 14380
700 1# - ADDED ENTRY--PERSONAL NAME
Personal name Nofsinger, John R.,
Relator term author.
9 (RLIN) 14381
906 ## - LOCAL DATA ELEMENT F, LDF (RLIN)
a 7
b cbc
c orignew
d 1
e ecip
f 20
g y-gencatlg
942 ## - ADDED ENTRY ELEMENTS (KOHA)
Source of classification or shelving scheme
Koha item type წიგნი
ეგზემპლარები
Withdrawn status Lost status Source of classification or shelving scheme Damaged status Not for loan Permanent Location Current Location Shelving location Date acquired Cost, normal purchase price Full call number Barcode Date last seen Copy number Price effective from Koha item type Public note
          ბათუმის შოთა რუსთაველის სახელმწიფო უნივერსიტეტის მთავარი ბიბლიოთეკა ბათუმის შოთა რუსთაველის სახელმწიფო უნივერსიტეტის მთავარი ბიბლიოთეკა წიგნსაცავი 2022-07-12 272.00 336 C-80 62978 2022-07-12 62978 2022-07-12 წიგნი 272gel.